00744nam a2200193 a 4500001000400000003000500004005001700009008004100026040002000067100003800087245014800125260005200273300001900325500006300344600002800407942000800435999001300443952009400456414CDMR20130116135154.0130130s1989||||||||||||||||||||||||||||d aCDMRbcatcCDMR1 aGarcía Ferrer, Juan Manuel929310aCatalà-Rocabllibre editat per a la sessió que tingué lloc al Cine-club, el dia 14 de desembre de 1989cJ M García Ferrer i Martí Rom aBarcelonac1989bCol.legi Enginyers Industrials a112 p ;c21 cm aTextos sobre Pere Català Pic i fotografies fetes per ell14aCatalà Pic, Pere9294 cMON c414d414 00104070aCDMRbCDMRd2013-01-16l0oDk 2/27pCDMR23030014r2013-01-16w2013-01-16yMON